<?xml version="1.0" encoding="UTF-8"?>
<record
    xmlns:xsi="http://www.w3.org/2001/XMLSchema-instance"
    xsi:schemaLocation="http://www.loc.gov/MARC21/slim http://www.loc.gov/standards/marcxml/schema/MARC21slim.xsd"
    xmlns="http://www.loc.gov/MARC21/slim">

  <leader>01097nam a2200193 a 4500</leader>
  <controlfield tag="001">000046064</controlfield>
  <controlfield tag="005">20240307073949.0</controlfield>
  <controlfield tag="008">150617s1989    dr            000 0 spa d</controlfield>
  <datafield tag="040" ind1=" " ind2=" ">
    <subfield code="a">DO-SdBNP</subfield>
    <subfield code="b">spa</subfield>
    <subfield code="c">BNPHU</subfield>
  </datafield>
  <datafield tag="082" ind1=" " ind2=" ">
    <subfield code="a">xxxx</subfield>
    <subfield code="b">xxxx</subfield>
  </datafield>
  <datafield tag="100" ind1="1" ind2=" ">
    <subfield code="a">Villanueva Collado, Alfredo</subfield>
    <subfield code="9">74136</subfield>
  </datafield>
  <datafield tag="245" ind1="1" ind2="3">
    <subfield code="a">El imperio de la papa frita /</subfield>
    <subfield code="c">Alfredo Villanueva Collado ; pr&#xF3;logo William Rosa.</subfield>
  </datafield>
  <datafield tag="246" ind1="1" ind2="0">
    <subfield code="a">En el imperio de la papa frita</subfield>
  </datafield>
  <datafield tag="260" ind1=" " ind2=" ">
    <subfield code="a">Santo Domingo :</subfield>
    <subfield code="b">Universitaria-UASD,</subfield>
    <subfield code="c">1989.</subfield>
  </datafield>
  <datafield tag="300" ind1=" " ind2=" ">
    <subfield code="a">46 p. ;</subfield>
    <subfield code="c">21 cm.</subfield>
  </datafield>
  <datafield tag="505" ind1="0" ind2=" ">
    <subfield code="a">Pr&#xF3;logo --</subfield>
    <subfield code="t">El exiliado --</subfield>
    <subfield code="t">La calle --</subfield>
    <subfield code="t">El agregado --</subfield>
    <subfield code="t">Bolero --</subfield>
    <subfield code="t">Octava avenida --</subfield>
    <subfield code="t">Plena --</subfield>
    <subfield code="t">Asimilismo --</subfield>
    <subfield code="t">Cuarenta y siete octava --</subfield>
    <subfield code="t">Muertos en la calle --</subfield>
    <subfield code="t">Uva Playera --</subfield>
    <subfield code="t">Madrugada --</subfield>
    <subfield code="t">Los nombres --</subfield>
    <subfield code="t">Recuerdos de mentira --</subfield>
    <subfield code="t">Estado cincuenta&#xED;no --</subfield>
    <subfield code="t">Bolero triste --</subfield>
    <subfield code="t">Meditaci&#xF3;n primera: el camale&#xF3;n --</subfield>
    <subfield code="t">Algunas verdades duelen --</subfield>
    <subfield code="t">Meditaci&#xF3;n segunda: el pitirre --</subfield>
    <subfield code="t">Y todo el resto es literatura --</subfield>
    <subfield code="t">Di&#xF3;genes --</subfield>
    <subfield code="t">Requi&#xE9;m para g&#xFC;iro y &#xF3;rgano.</subfield>
  </datafield>
  <datafield tag="700" ind1="1" ind2="2">
    <subfield code="a">Rosa, William,</subfield>
    <subfield code="e">pr&#xF3;l.</subfield>
    <subfield code="9">74137</subfield>
  </datafield>
  <datafield tag="710" ind1="1" ind2="2">
    <subfield code="a">Universidad Aut&#xF3;noma de Santo Domingo</subfield>
    <subfield code="9">72951</subfield>
  </datafield>
  <datafield tag="952" ind1=" " ind2=" ">
    <subfield code="0">0</subfield>
    <subfield code="1">0</subfield>
    <subfield code="7">1</subfield>
    <subfield code="8">PD</subfield>
    <subfield code="a">PD</subfield>
    <subfield code="b">PD</subfield>
    <subfield code="c">CT</subfield>
    <subfield code="d">2015-06-17</subfield>
    <subfield code="i">LF1</subfield>
    <subfield code="l">0</subfield>
    <subfield code="o">xxxx xxxx</subfield>
    <subfield code="p">46064-10</subfield>
    <subfield code="r">2020-06-25</subfield>
    <subfield code="w">2020-06-25</subfield>
    <subfield code="y">LFPD</subfield>
    <subfield code="z">Perteneci&#xF3; a la biblioteca personal de Erick Landestoy.</subfield>
    <subfield code="Z">No se presta</subfield>
  </datafield>
  <datafield tag="999" ind1=" " ind2=" ">
    <subfield code="c">45553</subfield>
    <subfield code="d">45553</subfield>
  </datafield>
</record>
